000 003370000a22001450004500
003 MACL
040 _aMACL
090 _c32749
_d32747
100 _aMansfield, Ron
245 _aThe Compact Ruide to Windows Word & Excel
260 _bBP B Publications
_c1993
350 _a180
650 _aComputer probraming
942 _cBOOK
_k005/Man
999 _c32414
_d32414